| 000 | 00807nab a2200217 uc4500 | ||
|---|---|---|---|
| 001 | 734337 | ||
| 005 | 20260427110923.0 | ||
| 008 | 020502s1999 spa | ||
| 035 | _a734337 | ||
| 035 | _a(OCoLC)819942767 | ||
| 040 | _ccomduadb | ||
| 041 | _aspa | ||
| 100 | 1 | 0 |
_aPosada Mejía, Gisela Sofía _4aut _eaut _9325972 |
| 245 | 1 | 0 | _aMe lanzo al lienzo como quien se lanza a una piscina |
| 650 |
_aGrau Araujo, Enrique, 1920-2004 _942941 |
||
| 650 | 7 |
_aArtistas colombianos _2lemb _940383 |
|
| 650 |
_aSalon Nacional de Artistas - Colombia _996995 |
||
| 650 |
_aGrau Araujo, Enrique, 1920-2004. El compromiso _980074 |
||
| 773 | 0 |
_tAlma Mater. Universidad de Antioquia (Medellín) _gNúmero 467, Mayo 1999, p. 21 _w(CO-MdUADB)700931 _x1657-4303 _0212942 _9893775 _o61000004291399 |
|
| 942 | _cARIMP | ||
| 999 |
_c241237 _d241237 |
||